Complementary therapies in medicine

Detalles Bibliográficos
Formato: Electrónico Revista
Lenguaje:inglés
Publicado: Edinburgh ; New York : Churchill Livingstone
[London] : Harcourt
Amsterdam : Elsevier
Materias:
Acceso en línea:Full text available from Research Library: 03/01/2003 to 2 months ago

MARC

LEADER 00000nas a2200000 a 4500
001 ssj0009373
003 WaSeSS
005 20200512172242.0
006 m d
007 cr n
008 001026c19939999ne bx pss 0 a0eng
010 |a  00208371  
015 |a GBB568525  |2 bnb 
016 7 |a 012432497  |2 Uk 
016 |a 012432497 
022 |a 1873-6963  |l 0965-2299  |y 0965-2299 
035 |a (WaSeSS)ssj0009373 
040 |a DLC  |b eng  |c DLC  |d NSD  |d OCLCQ  |d MUQ  |d CGU  |d GUA  |d OHS  |d OCLCQ  |d UKMGB  |d BUF  |d OCLCQ  |d DLC  |d OCLCQ  |d DLC  |d OPELS  |d OCLCF  |d AUD  |d DLC  |d OCLCO  |d VT2  |d OCLCQ  |d OCLCO  |d OCLCQ  |d Z5A  |d OCLCO  |d ZAC  |d NLE  |d U3W  |d FQM  |d MOW  |d NJR  |d WYU  |d WaSeSS 
042 |a pcc  |a nsdp 
050 4 |a R733  |b .C66 
060 0 0 |a W1  |b CO4512 
082 0 4 |a 615.5  |2 23 
130 0 |a Complementary therapies in medicine (Online) 
210 0 |a Compliment. ther. med.  |b (Online) 
222 0 |a Complementary therapies in medicine  |b (Online) 
245 1 0 |a Complementary therapies in medicine  |h [electronic resource]. 
260 |a Edinburgh ;  |a New York :  |b Churchill Livingstone 
260 2 |3 <200--> :  |a [London] :  |b Harcourt 
260 3 |3 <2006->  |a Amsterdam :  |b Elsevier 
310 |a Six issues yearly,  |b 2008- 
321 |a Quarterly,  |b -2007 
362 1 |a Began with: Vol. 1, issue 1 (Jan. 1993). 
506 |a License restrictions may limit access. 
588 |a Description based on print. 
588 |a Latest issue consulted: Vol. 22, issue 5 (Oct. 2014) (ScienceDirect, viewed Oct. 30, 2014). 
650 0 |a Alternative medicine  |v Periodicals. 
650 6 |a Médecines parallèles  |v Périodiques. 
650 6 |a Thérapeutique  |v Périodiques. 
650 7 |a Alternative medicine.  |2 fast  |0 (OCoLC)fst00806153 
650 2 |a Complementary Therapies  |v Periodicals. 
655 0 |a Electronic journals. 
776 0 8 |i Print version:  |t Complementary therapies in medicine  |x 0965-2299  |w (DLC)sn 93038290  |w (OCoLC)28041224 
856 4 0 |z Full text available from Research Library: 03/01/2003 to 2 months ago  |u https://search.proquest.com/publication/1226357